Liečebný poriadok Vestník Národnej poisťovne

Nariadenie vlády č. 220 Slovenskej republiky z 28. septembra 1993, ktorým sa vydáva Liečebný poriadok - úplné znenie. Toto nariadenie upravuje rozsah, podmienky a spôsob poskytovania zdravotníckej starostlivosti financovanej z Fondu zdravotného poistenia.

Na minha lista:
Detalhes bibliográficos
Formato: Capítulo de Livro
Idioma:eslovaco
Assuntos:
Tags: Adicionar Tag
Sem tags, seja o primeiro a adicionar uma tag!

MARC

LEADER 00000naa a2200000 4500
001 r024530
005 20221213123040.2
041 0 |a slo 
044 |a SK 
245 1 0 |a Liečebný poriadok  |b Vestník Národnej poisťovne 
520 |a Nariadenie vlády č. 220 Slovenskej republiky z 28. septembra 1993, ktorým sa vydáva Liečebný poriadok - úplné znenie. Toto nariadenie upravuje rozsah, podmienky a spôsob poskytovania zdravotníckej starostlivosti financovanej z Fondu zdravotného poistenia. 
610 2 0 |a zdravotníctvo 
610 2 0 |a starostlivosť zdravotná 
610 2 0 |a Slovensko 
610 2 0 |a 1993 
610 2 0 |a fond poistenia zdravotného 
610 2 0 |a poistenie zdravotné 
610 2 0 |a poriadok liečebný